Statistics for National Flowers

Click here to take the quiz!

General Stats

  • This quiz has been taken 151 times
  • The average score is 4 of 18

Answer Stats

CountryFlower% Correct
NetherlandsTulip
90%
JapanCherry Blossom
50%
United StatesRose
44%
IndiaLotus
39%
ScotlandThistle
35%
IrelandShamrock
32%
AustriaEdelweiss
25%
FranceIris
25%
UkraineSunflower
22%
AustraliaGolden Wattle
12%
ColombiaChristmas Orchid
8%
EthiopiaCalla Lily
7%
IndonesiaJasmine
6%
DenmarkMarguerite Daisy
6%
RussiaChamomile
5%
MexicoDahlia
5%
SwedenTwinflower
4%
New ZealandKōwhai
3%

Score Distribution

Percentile by Number Answered

Percent of People with Each Score

Your Score History

You have not taken this quiz